Studies on quantification in Chinese /
Saved in:
| Main Author: | |
|---|---|
| Format: | Thesis Book |
| Language: | English |
| Published: |
1986
|
| Subjects: | |
| Tags: |
Add Tag
No Tags, Be the first to tag this record!
|
| LEADER | 00850nam a2200289 4500 | ||
|---|---|---|---|
| 001 | u53776 | ||
| 003 | SIRSI | ||
| 008 | 880301s1986 us v 0 eng | ||
| 015 | |a X870082752 | ||
| 035 | |a AAF-7809 | ||
| 040 | |a UMM | ||
| 049 | 0 | 0 | |a mkk |
| 050 | 1 | |a PL1238 | |
| 090 | 0 | 0 | |a PL1238 |b Lee |d Closed stacks |
| 100 | 1 | 0 | |a Lee, Thomas Hun-tak |
| 245 | 1 | 0 | |a Studies on quantification in Chinese / |c by Thomas Hun-tak Lee |
| 260 | |c 1986 | ||
| 300 | |a vii, 397 leaves ; |c ill. ; |c 24cm | ||
| 500 | |a Photocopy | ||
| 502 | |a Thesis (Ph.D.) - University of California, 1985 | ||
| 504 | 0 | 0 | |a Bibliography: p.372-377 |
| 650 | 0 | |a Chinese language |x Quantifiers | |
| 984 | |c Closed stacks PL1238.Lee@101033442F | ||
| 998 | 0 | 0 | |a UMM |
| 948 | |a 16/03/1991 |b 16/03/1991 | ||
| 596 | |a 1 | ||
| 999 | |a PL1238 LEE |w LC |c 1 |i A010334426 |l STACKS |m P01UTAMA |r Y |s Y |t TESIS |u 21/1/1992 | ||
